La sociología económica: orientación teórica, aparato conceptual y aspectos metodológicos de un campo de investigación en Ciencias Sociales = The economic sociology : theoretical orientation, conceptual device and methodological aspects of a field of investigation in social sciences /
Mediante este artículo, se pretende desarrollar una introducción a la sociología económica, presentando la orientación teórica, el aparato conceptual y los aspectos metodológicos de este campo de investigación. Se analiza a su vez las diferentes configuraciones a través del tiempo de los límites ent...
Gardado en:
| Autor Principal: | |
|---|---|
| Formato: | Texto |
| Materias: | |
| Etiquetas: |
Engadir etiqueta
Sen Etiquetas, Sexa o primeiro en etiquetar este rexistro!
|
MARC
| LEADER | 00000 a a2200000 04500 | ||
|---|---|---|---|
| 001 | 40707 | ||
| 003 | |||
| 040 | |||
| 100 | |a Pérez, Amaury | ||
| 245 | |a La sociología económica: orientación teórica, aparato conceptual y aspectos metodológicos de un campo de investigación en Ciencias Sociales = |b The economic sociology : theoretical orientation, conceptual device and methodological aspects of a field of investigation in social sciences / |c Amaury Pérez | ||
| 500 | |a amaurygperez@gmail.com | ||
| 520 | |a Mediante este artículo, se pretende desarrollar una introducción a la sociología económica, presentando la orientación teórica, el aparato conceptual y los aspectos metodológicos de este campo de investigación. Se analiza a su vez las diferentes configuraciones a través del tiempo de los límites entre la economía y la sociología, postulando la tesis que una radical separación entre ambas disciplinas es tanto arbitraria como contraproducente en el análisis de los fenómenos sociales y económicos. | ||
| 590 | |a RRH/JUNIO2011 | ||
| 650 | |a 1.SOCIOLOGIA | ||
| 650 | |a 2.ECONOMIA | ||
| 650 | |a 3.TEORIA ECONOMICA | ||
| 650 | |a 4.CIENCIAS SOCIALES | ||
| 650 | |a 5.SOCIEDAD | ||
| 650 | |a 6.RELACIONES HUMANAS | ||
| 650 | |a 7.METODOLOGIA | ||
| 773 | |g volumen34, número1 ( , 2009), páginas 97-119 | ||
| 999 | |c 32528 |d 32528 | ||
